Loading...

Methods and techniques in ethnobiology and ethnoecology/

Humans represent just one of many species that constitute the planet's biodiversity. Nevertheless, as the dominant species, humans have been the primary agent of the transformation of natural spaces. Therefore, the study of human interactions, biodiversity, and the environment that surrounds th...

Full description

Bibliographic Details
Other Authors: Albuquerque, Ulysses Paulino, Ed, Cunha, Luiz Vital Fernandes Cruz, Ed, Lucena, Reinaldo Farias Paiva de, Ed, Alves, Rômulo Romeu Nóbrega, Ed
Format: Printed Book
Published: New York: Humana Press, 2014.
Series:Springer protocols handbooks
Subjects:
LEADER 02531cam a2200277 i 4500
020 |a 9781461486350 (hbk : alk. paper) 
082 |a 581.63  |b Q4 
245 0 0 |a Methods and techniques in ethnobiology and ethnoecology/  |c ed by Ulysses Paulino Albuquerque...[et al.]. 
260 |a New York:  |b Humana Press,  |c 2014. 
300 |a xv, 480 p.  |b illustrations (some color) ; 
490 1 |a Springer protocols handbooks 
504 |a Includes bibliographical references and index. 
520 |a Humans represent just one of many species that constitute the planet's biodiversity. Nevertheless, as the dominant species, humans have been the primary agent of the transformation of natural spaces. Therefore, the study of human interactions, biodiversity, and the environment that surrounds them is a basic tool for understanding the factors that bind human societies to natural resources. Within this context, ethnobiology is a promising discipline that can play a key role as a mediator of dialogue between different academic disciplines and traditional knowledge, a union essential in enabling contextualized and sustainable alternatives to exploitative practices and biodiversity management. Methods and Techniques in Ethnobiology and Ethnoecology introduces the basic techniques and methods traditionally used in ethnobiology and ethnoecology. Comprised of 28 chapters, the book covers the different qualitative and quantitative aspects of ethnobiology research methods, as well as methods from natural and social sciences that will be useful to both beginners and senior researchers. Written by internationally renowned experts in the fields, Methods and Techniques in Ethnobiology and Ethnoecology is a valuable resource for researchers and students interested in ethnobiology-- 
650 0 |a Ethnobiology.  |9 30371 
650 0 |a Human-plant relationships.  |9 30372 
650 1 2 |a Ethnobotany-Methods-Laboratory manuals.  |9 30373 
650 2 2 |a Biodiversity-Laboratory manuals.  |9 30374 
650 2 2 |a Ecology-Laboratory manuals.  |9 30375 
650 2 2 |a Plants, Medicinal-Laboratory manuals.  |9 30376 
700 1 |a Albuquerque, Ulysses Paulino, Ed.  |9 30377 
700 1 |a Cunha, Luiz Vital Fernandes Cruz, Ed.  |9 30378 
700 1 |a Lucena, Reinaldo Farias Paiva de, Ed.  |9 30379 
700 1 |a Alves, Rômulo Romeu Nóbrega, Ed.  |9 30380 
942 |c BK 
999 |c 64821  |d 64821 
952 |0 0  |1 0  |4 0  |6 581_630000000000000_Q4  |7 0  |9 56783  |a MGUL  |b MGUL  |c GEN  |d 2015-01-29  |e Current Books Bill No 883 dated 26.12.2014  |g 8964.18  |l 1  |o 581.63 Q4  |p 52686  |r 2019-07-11  |s 2019-06-14  |y BK